000 00553cam a22001933a 4500
001 45924
003 PGUSA
005 20140828084054.0
008 140610s2014||||xxu|||||s|||||000 | eng d
040 _aPGUSA
_beng
042 _adc
245 1 0 _aMcClure's Magazine, Vol. XXXI, September 1908, No. 5
_h[electronic resource] /
_cVarious
260 _bProject Gutenberg,
_c2014
506 _aPublic domain in the USA.
516 _aElectronic text
830 0 _aProject Gutenberg
_v45924
856 4 0 _uhttp://www.gutenberg.org/ebooks/45924
942 _cEB
999 _c275174
_d275174